<?xml version="1.0" encoding="UTF-8"?>
<record
    xmlns:xsi="http://www.w3.org/2001/XMLSchema-instance"
    xsi:schemaLocation="http://www.loc.gov/MARC21/slim http://www.loc.gov/standards/marcxml/schema/MARC21slim.xsd"
    xmlns="http://www.loc.gov/MARC21/slim">

  <leader>02890nam a2200517Ia 4500</leader>
  <controlfield tag="001">1239</controlfield>
  <controlfield tag="008">241029s9999    xx            000 0 und d</controlfield>
  <datafield tag="010" ind1=" " ind2=" ">
    <subfield code="a">1146</subfield>
  </datafield>
  <datafield tag="041" ind1=" " ind2=" ">
    <subfield code="a">Espa&#xF1;ol</subfield>
  </datafield>
  <datafield tag="082" ind1=" " ind2=" ">
    <subfield code="a">MAED 2000-47.</subfield>
  </datafield>
  <datafield tag="245" ind1=" " ind2="0">
    <subfield code="a">Desempe&#xF1;o de los directores de Educaci&#xF3;n B&#xE1;sica del Distrito Educativo 16-04, de Bonao.</subfield>
  </datafield>
  <datafield tag="260" ind1=" " ind2=" ">
    <subfield code="a">Monse&#xF1;or Nouel</subfield>
  </datafield>
  <datafield tag="300" ind1=" " ind2=" ">
    <subfield code="a">94</subfield>
  </datafield>
  <datafield tag="520" ind1=" " ind2=" ">
    <subfield code="a">36</subfield>
  </datafield>
  <datafield tag="630" ind1=" " ind2=" ">
    <subfield code="a">Administraci&#xF3;n Escolar</subfield>
  </datafield>
  <datafield tag="650" ind1=" " ind2=" ">
    <subfield code="a">Administraci&#xF3;n de la Educaci&#xF3;n</subfield>
  </datafield>
  <datafield tag="690" ind1=" " ind2=" ">
    <subfield code="a">Sintetizado</subfield>
  </datafield>
  <datafield tag="700" ind1=" " ind2=" ">
    <subfield code="e">asesor</subfield>
    <subfield code="a">No, Aplica</subfield>
  </datafield>
  <datafield tag="700" ind1=" " ind2=" ">
    <subfield code="e">autor</subfield>
    <subfield code="a">Vald&#xE9;z, Mar&#xED;a Ramona</subfield>
  </datafield>
  <datafield tag="901" ind1=" " ind2=" ">
    <subfield code="a">{"1":"Vald&#xE9;z"}</subfield>
    <subfield code="b">{"1":"Mar&#xED;a Ramona"}</subfield>
  </datafield>
  <datafield tag="902" ind1=" " ind2=" ">
    <subfield code="a">1</subfield>
  </datafield>
  <datafield tag="903" ind1=" " ind2=" ">
    <subfield code="a">{"1":"No"}</subfield>
    <subfield code="b">{"1":"Aplica"}</subfield>
  </datafield>
  <datafield tag="904" ind1=" " ind2=" ">
    <subfield code="a">Maestr&#xED;a en</subfield>
  </datafield>
  <datafield tag="905" ind1=" " ind2=" ">
    <subfield code="a">Administraci&#xF3;n de la Educaci&#xF3;n</subfield>
  </datafield>
  <datafield tag="906" ind1=" " ind2=" ">
    <subfield code="a">2</subfield>
  </datafield>
  <datafield tag="907" ind1=" " ind2=" ">
    <subfield code="a">NO APLICA</subfield>
  </datafield>
  <datafield tag="908" ind1=" " ind2=" ">
    <subfield code="a">NO APLICA</subfield>
  </datafield>
  <datafield tag="909" ind1=" " ind2=" ">
    <subfield code="a">Pontificia Universidad Cat&#xF3;lica Madre y Maestra (PUCMM), Recinto Santiago</subfield>
  </datafield>
  <datafield tag="910" ind1=" " ind2=" ">
    <subfield code="a">NULL</subfield>
    <subfield code="b">NULL</subfield>
  </datafield>
  <datafield tag="911" ind1=" " ind2=" ">
    <subfield code="a">["1"]</subfield>
  </datafield>
  <datafield tag="912" ind1=" " ind2=" ">
    <subfield code="a">NO APLICA</subfield>
  </datafield>
  <datafield tag="913" ind1=" " ind2=" ">
    <subfield code="a">NULL</subfield>
  </datafield>
  <datafield tag="914" ind1=" " ind2=" ">
    <subfield code="a">01 de Febrero de 2000</subfield>
  </datafield>
  <datafield tag="915" ind1=" " ind2=" ">
    <subfield code="a">28/11/19 05:11</subfield>
  </datafield>
  <datafield tag="916" ind1=" " ind2=" ">
    <subfield code="a">NULL</subfield>
  </datafield>
  <datafield tag="917" ind1=" " ind2=" ">
    <subfield code="a">NULL</subfield>
  </datafield>
  <datafield tag="918" ind1=" " ind2=" ">
    <subfield code="a">NO APLICA</subfield>
  </datafield>
  <datafield tag="919" ind1=" " ind2=" ">
    <subfield code="a">["11"]</subfield>
  </datafield>
  <datafield tag="520" ind1=" " ind2=" ">
    <subfield code="a">La investigaci&#xF3;n es descriptiva. El instrumento utilizado fue un cuestionario de cuarenta y cuatro (44) items, se aplic&#xF3; a una muestra de doscientos ocho (208) profesores seleccionados de manera aleatoria. Se us&#xF3; una gu&#xED;a de entrevista para los miembros de las Asociaciones de Padres, Madres y Amigos de la Escuela; la muestra fue de setenta y un (71) presidentes de las Asociaciones. El Distrito Educativo 16-04 que est&#xE1; integrado por setenta y nueve (79) Escuelas de Educaci&#xF3;n B&#xE1;sica, siete (7) de Educaci&#xF3;n Media, treinta y ocho (38) de Educaci&#xF3;n Inicial y doce (12) de Educaci&#xF3;n de Adultos. Posee una poblaci&#xF3;n estudiantil de veintiocho mil trescientos sesenta (28,360) alumnos con seiscientos trece (613) maestros(as), veintitr&#xE9;s (23) colegios privados, sesenta y un (71) Asociaciones de Padres, Madres y Amigos de la Escuela.Los hallazgos principales relacionados con los docentes son: 72.1% pertenecen al sexo femenino, 57.7% trabaja en la zona rural, 48.1% oscila entre los 21 y 48 a&#xF1;os de edad, el 44.7% posee certificados de estudios superiores, 28.4% tiene menos de cinco (5) a&#xF1;os en el cargo, 4.06% tiene la percepci&#xF3;n de que casi siempre el director cumple con el desempe&#xF1;o de sus funciones, el 4.82% de los docentes tiene una actitud favorable hacia la supervisi&#xF3;n del director. En cuanto a los padres, los hallazgos principales son: el 67.25 pertenece al sexo femenino, el 59% vive en la zona rural, el 50.7% oscila entre 31 y 40 a&#xF1;os, el 3.66% tiene la percepci&#xF3;n de que son integrados por los directores en la gesti&#xF3;n del Centro.</subfield>
  </datafield>
  <datafield tag="921" ind1=" " ind2=" ">
    <subfield code="a">11</subfield>
  </datafield>
  <datafield tag="922" ind1=" " ind2=" ">
    <subfield code="a">11</subfield>
  </datafield>
  <datafield tag="923" ind1=" " ind2=" ">
    <subfield code="a">0</subfield>
  </datafield>
  <datafield tag="924" ind1=" " ind2=" ">
    <subfield code="a">NO APLICA</subfield>
  </datafield>
  <datafield tag="942" ind1=" " ind2=" ">
    <subfield code="c">Tesis</subfield>
  </datafield>
  <datafield tag="999" ind1=" " ind2=" ">
    <subfield code="c">1146</subfield>
    <subfield code="d">1146</subfield>
  </datafield>
</record>
